An introduction to landscape (Record no. 8108)

000 -LEADER
fixed length control field 00353nam a22001457a 4500
003 - CONTROL NUMBER IDENTIFIER
control field OSt
005 - DATE AND TIME OF LATEST TRANSACTION
control field 20200804131525.0
008 - FIXED-LENGTH DATA ELEMENTS--GENERAL INFORMATION
fixed length control field 200804b ||||| |||| 00| 0 eng d
020 ## - INTERNATIONAL STANDARD BOOK NUMBER
International Standard Book Number 9781138628533
082 ## - DEWEY DECIMAL CLASSIFICATION NUMBER
Classification number 304.2
Item number HOW
100 ## - MAIN ENTRY--PERSONAL NAME
Personal name Howard, Peter,
Dates associated with a name 1944-
245 ## - TITLE STATEMENT
Title An introduction to landscape
260 ## - PUBLICATION, DISTRIBUTION, ETC. (IMPRINT)
Place of publication, distribution, etc London
Name of publisher, distributor, etc Routledge
Date of publication, distribution, etc 2017
942 ## - ADDED ENTRY ELEMENTS (KOHA)
Source of classification or shelving scheme
Holdings
Withdrawn status Lost status Source of classification or shelving scheme Damaged status Koha normalized classification for sorting Not for loan Permanent location Current location Date acquired Full call number Barcode Date last seen Price effective from Koha item type Public note
        304_200000000000000_HOW   BMS College of Architecture, Design and Planning BMS College of Architecture, Design and Planning 2020-08-04 304.2 HOW AR-PG277 2020-08-04 2020-08-04 PG Books S-13
Copyright © 2025, The Librarian, Library and Information Centre, BMSCA D&P, Bengaluru. All Rights Reserved
web counter

Powered by Koha